000 00902cam a2200265 i 4500
001 bg
003 BPK
005 20220407091939.0
008 991116s1982 pl a f f |000 0 pol
015 _aPB 1982/6399
020 _a8301037482
040 _aWA N
_cBPK
041 0 _apol
080 _a514.7
080 _a(075.8)
100 1 _aGdowski, Bogusław
_d(1931-2009)
_eAutor
245 1 0 _aElementy geometrii różniczkowej z zadaniami :
_b[skrypt dla studentów wyższych szkół technicznych] /
_cBogusław Gdowski.
260 _aWarszawa ;
_aŁódź :
_bPańst. Wydaw. Naukowe,
_c1982.
300 _a263, [4] s. :
_bil. wykr. ;
_c24 cm.
504 _aBibliogr. s. [265].
655 4 _aPodręczniki akademickie
650 4 _aGeometria różniczkowa
856 _uhttp://koha.tu.koszalin.pl/cgi-bin/koha/opac-detail.pl?biblionumber=32992
_yKatalog online BPK
942 _2UKD
_cKS
999 _c32992
_d32992